[Event "First Saturday 09 July IM-B"]
[Site "Budapest"]
[Date "2009.07.05"]
[Round "2"]
[White "Petran, Pal"]
[Black "Mihok, Oliver"]
[Result "1/2-1/2"]
[WhiteElo "2369"]
[BlackElo "2357"]
[PlyCount "22"]
[EventDate "2009.07.04"]

1. d4 Nf6 2. c4 e6 3. Nc3 Bb4 4. e3 b6 5. Bd3 Bb7 6. Nf3 Ne4 7. O-O Bxc3 8.
bxc3 Nxc3 9. Qc2 Bxf3 10. gxf3 Qg5+ 11. Kh1 Qh5 1/2-1/2

[Event "First Saturday 09 July IM-B"]
[Site "Budapest"]
[Date "2009.07.05"]
[Round "2"]
[White "Muranyi, Karl-Jasmin"]
[Black "Admiraal, Miquoel"]
[Result "0-1"]
[WhiteElo "2366"]
[BlackElo "2173"]
[PlyCount "172"]
[EventDate "2009.07.04"]

1. c4 e5 2. g3 Nc6 3. Bg2 g6 4. Nc3 Bg7 5. Nf3 Nge7 6. O-O O-O 7. b3 d6 8. Bb2
Be6 9. e3 h6 10. d4 exd4 11. Nxd4 Nxd4 12. exd4 d5 13. Ne2 dxc4 14. Nf4 Bc8 15.
bxc4 Nf5 16. Rb1 Nxd4 17. Bxd4 Qxd4 18. Qxd4 Bxd4 19. Bxb7 Bxb7 20. Rxb7 c6 21.
Rd1 Rfd8 22. Kg2 Bb6 23. Rc1 Ba5 24. c5 Bd2 25. Rc4 Rdb8 26. Rxb8+ Rxb8 27. Nd3
Bg5 28. Ne5 Rc8 29. Kf3 Bf6 30. Nd3 Kf8 31. Rb4 Rc7 32. Rb8+ Ke7 33. Ke4 Bc3
34. g4 Rd7 35. h3 Rd4+ 36. Ke3 Ra4 37. Rb7+ Kd8 38. Rxf7 Rxa2 39. Rf8+ Kd7 40.
Rg8 a5 41. Rxg6 a4 42. f4 a3 43. Ne5+ Ke7 44. Nc4 Re2+ 45. Kxe2 a2 46. Ne3 a1=Q
47. Rxh6 Qe1+ 48. Kd3 Qd2+ 49. Ke4 Qd4+ 50. Kf3 Qxc5 51. h4 Qa3 52. f5 Bd2 53.
Re6+ Kf7 54. g5 Bxe3 55. Rxe3 Qa4 56. Re4 Qd1+ 57. Kf4 Qf1+ 58. Kg4 c5 59. g6+
Kf8 60. f6 Qg2+ 61. Kf5 Qf3+ 62. Ke5 Qh5+ 63. Kd6 Qxg6 64. Rc4 Qxf6+ 65. Kxc5
Ke7 66. Re4+ Kd7 67. Rd4+ Kc7 68. Kd5 Qf5+ 69. Kc4 Kc6 70. Kc3 Qf3+ 71. Kb4 Qe3
72. Kc4 Qe5 73. Kd3 Kc5 74. Re4 Qg3+ 75. Ke2 Kd5 76. Rb4 Qc3 77. Rg4 Ke5 78.
Kf2 Kf5 79. Rg5+ Kf4 80. Kg2 Qe1 81. Rg8 Qe2+ 82. Kh1 Kf3 83. h5 Qe1+ 84. Kh2
Qe5+ 85. Kg1 Qa1+ 86. Kh2 Qa2+ 0-1

[Event "First Saturday 09 July IM-B"]
[Site "Budapest"]
[Date "2009.07.05"]
[Round "2"]
[White "Koppenhoefer, Bernhard"]
[Black "Lammers, Markus"]
[Result "0-1"]
[WhiteElo "2160"]
[BlackElo "2297"]
[PlyCount "38"]
[EventDate "2009.07.04"]

1. e3 e5 2. c4 d6 3. Nc3 g6 4. Nf3 Bg7 5. d4 Nd7 6. dxe5 dxe5 7. Be2 Ne7 8. Rb1
O-O 9. h4 h6 10. e4 Nc5 11. Be3 Ne6 12. Nd5 c6 13. Nxe7+ Qxe7 14. Qc1 Kh7 15.
g3 Nd4 16. Bd1 f5 17. Nd2 Be6 18. Bc2 Nxc2+ 19. Qxc2 f4 0-1

[Event "First Saturday 09 July IM-B"]
[Site "Budapest"]
[Date "2009.07.05"]
[Round "2"]
[White "Husari, Satea"]
[Black "Eperjesi, Laszlo Dr"]
[Result "1-0"]
[WhiteElo "2334"]
[BlackElo "2250"]
[PlyCount "87"]
[EventDate "2009.07.04"]

1. e4 c6 2. d4 d5 3. e5 Bf5 4. Nc3 e6 5. g4 Bg6 6. Nge2 Bb4 7. h4 f6 8. a3 Ba5
9. Nf4 Bf7 10. exf6 Nxf6 11. b4 Bc7 12. Qe2 Qe7 13. Nd3 Nbd7 14. g5 Ne4 15.
Nxe4 dxe4 16. Qxe4 e5 17. Rh3 Bd5 18. Qe2 exd4 19. Qxe7+ Kxe7 20. Bb2 Be6 21.
Rh1 Ne5 22. Nxe5 Bxe5 23. O-O-O Rad8 24. Bg2 Rhf8 25. Rhe1 Rxf2 26. Rxe5 Rxg2
27. Bxd4 Rd5 28. Rxd5 cxd5 29. Bxg7 Bf5 30. Rxd5 Rxc2+ 31. Kd1 Rf2 32. Re5+ Be6
33. Rc5 Bb3+ 34. Kc1 Ke6 35. Rc7 h6 36. Rxb7 hxg5 37. hxg5 a5 38. bxa5 Bd5 39.
a6 Kd6 40. Rb8 Rf4 41. Rb4 Rxb4 42. axb4 Kc6 43. a7 Kb5 44. Bf8 1-0

[Event "First Saturday 09 July IM-B"]
[Site "Budapest"]
[Date "2009.07.06"]
[Round "3"]
[White "Lammers, Markus"]
[Black "Husari, Satea"]
[Result "1-0"]
[WhiteElo "2297"]
[BlackElo "2334"]
[PlyCount "163"]
[EventDate "2009.07.04"]

1. e4 c5 2. Nf3 Nc6 3. d4 cxd4 4. Nxd4 Nf6 5. Nc3 e5 6. Ndb5 d6 7. Nd5 Nxd5 8.
exd5 Nb8 9. c4 Be7 10. Bd3 a6 11. Nc3 O-O 12. O-O f5 13. f4 Nd7 14. Kh1 Qc7 15.
Qc2 g6 16. b4 Bf6 17. Qb3 Kh8 18. Be3 exf4 19. Bxf4 Ne5 20. Be2 g5 21. Bd2 Bd7
22. Rac1 b6 23. a3 h6 24. Rfd1 Rab8 25. Be3 Qd8 26. Qa2 Qe7 27. Bd4 Ng6 28. Bg1
Qg7 29. Bf1 Rfe8 30. Ne2 f4 31. Nd4 Bg4 32. Ne6 Qf7 33. Re1 Ne5 34. c5 bxc5 35.
bxc5 dxc5 36. Nxc5 Rbd8 37. Nxa6 f3 38. Nb4 Bg7 39. Bd4 fxg2+ 40. Bxg2 Nf3 41.
Bxg7+ Qxg7 42. Rxe8+ Rxe8 43. h3 Bh5 44. Qa1 Qxa1 45. Rxa1 Nh4 46. Ra2 Re1+ 47.
Kh2 Rd1 48. a4 Nxg2 49. Kxg2 Bf7 50. a5 Rd4 51. Rb2 Kg7 52. a6 Bxd5+ 53. Nxd5
Rxd5 54. Ra2 Rd8 55. a7 Ra8 56. Ra6 h5 57. Kg3 Kf7 58. Rh6 Kg7 59. Ra6 Kf7 60.
Kf2 g4 61. h4 Kg7 62. Ke3 Kf7 63. Kd4 g3 64. Ke3 Ke7 65. Kf3 Kd8 66. Kxg3 Kc7
67. Kf4 Kb7 68. Ra1 Rf8+ 69. Kg5 Ka8 70. Kxh5 Rh8+ 71. Kg4 Rg8+ 72. Kh3 Rc8 73.
Ra4 Rc1 74. h5 Rg1 75. Kh4 Rc1 76. Ra5 Rg1 77. h6 Rh1+ 78. Kg5 Rh2 79. Kg6 Rc2
80. Ra6 Rg2+ 81. Kf7 Rf2+ 82. Kg7 1-0

[Event "First Saturday 09 July IM-B"]
[Site "Budapest"]
[Date "2009.07.06"]
[Round "3"]
[White "Admiraal, Miquoel"]
[Black "Koppenhoefer, Bernhard"]
[Result "1-0"]
[WhiteElo "2173"]
[BlackElo "2160"]
[PlyCount "25"]
[EventDate "2009.07.04"]

1. e4 c5 2. Nf3 e6 3. d4 cxd4 4. Nxd4 Bc5 5. Nb5 Qb6 6. Be3 Bxe3 7. fxe3 Nf6 8.
Nd6+ Ke7 9. Nc4 Qc5 10. e5 Nd5 11. e4 Nf4 12. Qg4 Ng6 13. Qg5+ 1-0

[Event "First Saturday 09 July IM-B"]
[Site "Budapest"]
[Date "2009.07.06"]
[Round "3"]
[White "Mihok, Oliver"]
[Black "Muranyi, Karl-Jasmin"]
[Result "0-1"]
[WhiteElo "2357"]
[BlackElo "2366"]
[PlyCount "120"]
[EventDate "2009.07.04"]

1. e4 c6 2. d4 g6 3. Nf3 Bg7 4. Bd3 d5 5. e5 Bg4 6. Nbd2 e6 7. h3 Bxf3 8. Nxf3
Ne7 9. O-O Nd7 10. Bf4 c5 11. c3 Qb6 12. Qd2 Nc6 13. dxc5 Qxc5 14. Rfe1 O-O 15.
Be3 Qe7 16. Bh6 Rfc8 17. Bxg7 Kxg7 18. h4 a5 19. a4 Rf8 20. h5 h6 21. Bc2 gxh5
22. Re3 Rh8 23. Nd4 Rag8 24. f4 Kf8 25. Rf1 h4 26. f5 Ke8 27. Qe2 Rg5 28. Nb5
Kd8 29. f6 Qf8 30. Nd6 Rxe5 31. Rxe5 Ncxe5 32. Nxb7+ Kc7 33. Qb5 Qa8 34. Nc5
Qa7 35. b4 Rb8 36. Qa6 Ra8 37. Qxa7+ Rxa7 38. Nxd7 Kxd7 39. Re1 Kd6 40. b5 Rc7
41. Re3 Ng4 42. Rf3 e5 43. Bb3 e4 44. Rh3 Ne5 45. Kf1 Nd3 46. Bc2 Rxc3 47. Bxd3
exd3 48. Ke1 Rc4 49. Rxd3 Rxa4 50. b6 Rb4 51. Ra3 a4 52. b7 Kc7 53. Rc3+ Kxb7
54. Rc5 Rd4 55. Ra5 Kb6 56. Ra8 Rf4 57. Rd8 Kc5 58. Ra8 Kb4 59. Rb8+ Kc3 60.
Rb6 a3 0-1

[Event "First Saturday 09 July IM-B"]
[Site "Budapest"]
[Date "2009.07.06"]
[Round "3"]
[White "Adams, Nick A"]
[Black "Petran, Pal"]
[Result "0-1"]
[WhiteElo "2211"]
[BlackElo "2369"]
[PlyCount "46"]
[EventDate "2009.07.04"]

1. c4 c5 2. Nc3 Nc6 3. e3 Nf6 4. d4 cxd4 5. exd4 d5 6. Nf3 e6 7. Bd3 dxc4 8.
Bxc4 Be7 9. O-O O-O 10. a3 b6 11. Bg5 Bb7 12. Ba2 Nd5 13. Be3 Na5 14. Rc1 Nxc3
15. Rxc3 Bd5 16. Bb1 Rc8 17. Qd3 g6 18. Rfc1 Rxc3 19. Rxc3 Qa8 20. Ne1 Rc8 21.
f3 Qb7 22. b4 Rxc3 23. Qxc3 Nc4 0-1

[Event "First Saturday 09 July IM-B"]
[Site "Budapest"]
[Date "2009.07.07"]
[Round "4"]
[White "Muranyi, Karl-Jasmin"]
[Black "Adams, Nick A"]
[Result "1/2-1/2"]
[WhiteElo "2366"]
[BlackElo "2211"]
[PlyCount "110"]
[EventDate "2009.07.04"]

1. d4 d5 2. Bf4 Nf6 3. e3 c5 4. c3 cxd4 5. exd4 Nc6 6. Nd2 g6 7. h3 Bg7 8. Ngf3
O-O 9. Be2 Kh8 10. O-O Ne8 11. Re1 Nd6 12. a4 f6 13. Bf1 Nf7 14. Bg3 e5 15.
dxe5 fxe5 16. Nb3 e4 17. Nfd4 Nce5 18. Nc2 Nh6 19. Ne3 Be6 20. Nd4 Bg8 21. Qb3
Nf5 22. Bxe5 Bxe5 23. Ndxf5 gxf5 24. Rad1 d4 25. Qb5 Qf6 26. cxd4 Bxd4 27. Qxf5
Qxf5 28. Nxf5 Bxf2+ 29. Kxf2 Rxf5+ 30. Kg1 Bd5 31. Rd4 Bc6 32. b4 Bxa4 33.
Rexe4 Raf8 34. Bd3 a6 35. Re7 R5f7 36. Rxf7 Rxf7 37. Be4 Kg7 38. Rd6 Bc6 39.
Bxc6 bxc6 40. Rxc6 Rb7 41. Rc4 Rb5 42. Kh2 a5 43. bxa5 Rxa5 44. g4 h5 45. Kg3
hxg4 46. hxg4 Ra1 47. Kh4 Kg6 48. Rc6+ Kg7 49. Kh5 Ra7 50. g5 Rb7 51. Rg6+ Kh7
52. Rd6 Kg7 53. Rd5 Rb6 54. g6 Rb1 55. Rd7+ Kg8 1/2-1/2

[Event "First Saturday 09 July IM-B"]
[Site "Budapest"]
[Date "2009.07.07"]
[Round "4"]
[White "Koppenhoefer, Bernhard"]
[Black "Mihok, Oliver"]
[Result "1/2-1/2"]
[WhiteElo "2160"]
[BlackElo "2357"]
[PlyCount "73"]
[EventDate "2009.07.04"]

1. d4 Nf6 2. Nf3 g6 3. b3 Bg7 4. Bb2 O-O 5. e3 c5 6. Nbd2 cxd4 7. Nxd4 Nc6 8.
Be2 Re8 9. O-O d5 10. Nxc6 bxc6 11. Nf3 a5 12. c4 Ba6 13. Rc1 Qb6 14. cxd5 Bxe2
15. Qxe2 cxd5 16. Bd4 Qb7 17. Rc5 Ne4 18. Rb5 Qc6 19. Bxg7 Kxg7 20. Nd4 Qd7 21.
Qd3 Rec8 22. Ne2 e6 23. f3 Nd6 24. Rc5 Rxc5 25. Qd4+ Kg8 26. Qxc5 a4 27. Rc1
axb3 28. axb3 Rb8 29. Rc3 Nb5 30. Rd3 Rc8 31. Qb4 Qc6 32. e4 Qb6+ 33. Kf1 dxe4
34. Qxe4 h5 35. Rd7 Nd6 36. Qd4 Qxd4 37. Nxd4 1/2-1/2

[Event "First Saturday 09 July IM-B"]
[Site "Budapest"]
[Date "2009.07.07"]
[Round "4"]
[White "Husari, Satea"]
[Black "Admiraal, Miquoel"]
[Result "1-0"]
[WhiteElo "2334"]
[BlackElo "2173"]
[PlyCount "51"]
[EventDate "2009.07.04"]

1. c4 Nf6 2. Nc3 c5 3. Nf3 Nc6 4. g3 g6 5. Bg2 Bg7 6. O-O O-O 7. d4 Nxd4 8.
Nxd4 cxd4 9. Qxd4 d6 10. Qd2 Rb8 11. b3 b6 12. Bb2 Bb7 13. e4 Nd7 14. Rfe1 a5
15. Rad1 Nc5 16. Qc2 Qc8 17. h3 Re8 18. Kh2 Bc6 19. f4 b5 20. cxb5 Bxb5 21.
Nxb5 Rxb5 22. Bxg7 Kxg7 23. e5 Nb7 24. Qb2 dxe5 25. Rc1 Nc5 26. a4 1-0

[Event "First Saturday 09 July IM-B"]
[Site "Budapest"]
[Date "2009.07.07"]
[Round "4"]
[White "Kahn, Evart Dr"]
[Black "Eperjesi, Laszlo Dr"]
[Result "1/2-1/2"]
[WhiteElo "2281"]
[BlackElo "2250"]
[PlyCount "32"]
[EventDate "2009.07.04"]

1. e4 e5 2. Nf3 Nc6 3. Bb5 a6 4. Ba4 Nf6 5. O-O Be7 6. Re1 b5 7. Bb3 d6 8. c3
O-O 9. h3 Nd7 10. d4 Bf6 11. Be3 Na5 12. Bc2 Re8 13. Nbd2 g6 14. Nf1 Nc4 15.
Bc1 exd4 16. cxd4 Bb7 1/2-1/2

[Event "First Saturday 09 July IM-B"]
[Site "Budapest"]
[Date "2009.07.08"]
[Round "5"]
[White "Lammers, Markus"]
[Black "Kahn, Evart Dr"]
[Result "1-0"]
[WhiteElo "2297"]
[BlackElo "2281"]
[PlyCount "49"]
[EventDate "2009.07.04"]

1. e4 Nf6 2. e5 Nd5 3. d4 d6 4. Nf3 Nb6 5. a4 Bg4 6. a5 Nc8 7. h3 Bh5 8. g4 Bg6
9. e6 fxe6 10. Bd3 Bxd3 11. Qxd3 Qd7 12. Ng5 Nc6 13. Nxh7 Nxd4 14. Ng5 Qc6 15.
O-O Nxc2 16. Nc3 Nxa1 17. Qg6+ Kd8 18. Rd1 Kd7 19. Qxe6+ Ke8 20. Qg6+ Kd7 21.
Nf7 Qc5 22. Be3 Qxa5 23. b4 Qxb4 24. Ne5+ Kd8 25. Qe6 1-0

[Event "First Saturday 09 July IM-B"]
[Site "Budapest"]
[Date "2009.07.08"]
[Round "5"]
[White "Mihok, Oliver"]
[Black "Husari, Satea"]
[Result "1-0"]
[WhiteElo "2357"]
[BlackElo "2334"]
[PlyCount "109"]
[EventDate "2009.07.04"]

1. e4 c6 2. d4 d5 3. e5 Bf5 4. h4 h6 5. g4 Bd7 6. h5 c5 7. c3 Nc6 8. Be3 e6 9.
f4 cxd4 10. cxd4 Bb4+ 11. Kf2 Nge7 12. a3 Ba5 13. b4 Bc7 14. Nf3 Nc8 15. Bd3 b5
16. Nc3 a6 17. g5 Nb6 18. gxh6 gxh6 19. Rg1 Qe7 20. Rg7 O-O-O 21. Qg1 Kb8 22.
Qg3 Rc8 23. Rg1 Qf8 24. Nd2 Bd8 25. Ncb1 Nc4 26. Nb3 Bb6 27. Nc5 Bxc5 28. bxc5
Ka8 29. Nc3 Ne7 30. Qh4 Be8 31. R7g2 Nxa3 32. Ra1 b4 33. Bxa6 Rc7 34. Bd3 Ra7
35. Kf3 Nf5 36. Bxf5 Bc6 37. Bd3 Rg8 38. Rxg8 Qxg8 39. Nb1 Qe8 40. Nxa3 bxa3
41. Qh1 a2 42. Qh2 Ba4 43. Bc2 Bb5 44. Bb3 Bd3 45. Rxa2 Be4+ 46. Kg3 Qg8+ 47.
Kf2 Qb8 48. Rxa7+ Kxa7 49. Bd1 Bd3 50. Ke1 Bc4 51. Qd2 Qg8 52. Be2 Qg3+ 53. Bf2
Qb3 54. Qa5+ Kb7 55. Qb6+ 1-0

[Event "First Saturday 09 July IM-B"]
[Site "Budapest"]
[Date "2009.07.08"]
[Round "5"]
[White "Adams, Nick A"]
[Black "Koppenhoefer, Bernhard"]
[Result "1-0"]
[WhiteElo "2211"]
[BlackElo "2160"]
[PlyCount "70"]
[EventDate "2009.07.04"]

1. d4 Nf6 2. c4 g6 3. Nc3 d5 4. Nf3 Bg7 5. e3 O-O 6. Be2 c5 7. O-O cxd4 8. exd4
Nc6 9. Bg5 Ne4 10. Be3 Nxc3 11. bxc3 dxc4 12. Bxc4 Qc7 13. Bb3 Bg4 14. h3 Bxf3
15. Qxf3 Na5 16. Rac1 b5 17. Bf4 e5 18. dxe5 Nxb3 19. axb3 Bxe5 20. Bxe5 Qxe5
21. Rfe1 Qc5 22. b4 Qc7 23. Qf6 Rad8 24. Re7 Rd7 25. Rce1 Qd8 26. h4 Rd1 27.
Rxd1 Qxd1+ 28. Kh2 Qd5 29. Rxa7 Re8 30. Rc7 h5 31. Rc5 Qb7 32. g3 Re6 33. Qd8+
Kg7 34. Rc8 g5 35. Qg8+ Kh6 1-0

[Event "First Saturday 09 July IM-B"]
[Site "Budapest"]
[Date "2009.07.08"]
[Round "5"]
[White "Petran, Pal"]
[Black "Muranyi, Karl-Jasmin"]
[Result "1/2-1/2"]
[WhiteElo "2369"]
[BlackElo "2366"]
[PlyCount "123"]
[EventDate "2009.07.04"]

1. d4 Nf6 2. c4 e6 3. Nc3 Bb4 4. e3 O-O 5. Nge2 b6 6. a3 Bxc3+ 7. Nxc3 Bb7 8.
Bd3 d6 9. O-O Nbd7 10. b4 e5 11. d5 g6 12. e4 Nh5 13. Bh6 Ng7 14. g3 Bc8 15.
Qd2 f6 16. f4 Rf7 17. Rf2 a5 18. Raf1 Qe7 19. Re1 Bb7 20. Bf1 Nf8 21. f5 gxf5
22. exf5 Nd7 23. Ne4 axb4 24. axb4 b5 25. c5 dxc5 26. d6 Qd8 27. dxc7 Qxc7 28.
Nd6 Re7 29. Bxb5 Kf8 30. Rc1 Rd8 31. Be3 e4 32. bxc5 Ne5 33. Be2 Bc6 34. Rff1
Nf3+ 35. Bxf3 exf3 36. Qc3 Kg8 37. Rce1 Rf8 38. Bd4 Rxe1 39. Rxe1 Qa7 40. Qc4+
Kh8 41. g4 h6 42. Kf2 Kh7 43. Qc2 Qc7 44. Qd2 Ne8 45. Qf4 Qg7 46. Nxe8 Rxe8 47.
Rxe8 Bxe8 48. Kxf3 Bc6+ 49. Kg3 h5 50. h3 hxg4 51. hxg4 Qe7 52. Be3 Kg8 53.
Qc4+ Kg7 54. Qd4 Kf7 55. Kh4 Qe8 56. Qc4+ Kg7 57. Qf4 Qh8+ 58. Kg3 Qh1 59. Qc7+
Kg8 60. Qc8+ Kh7 61. Qc7+ Kg8 62. Qc8+ 1/2-1/2

[Event "First Saturday 09 July IM-B"]
[Site "Budapest"]
[Date "2009.07.09"]
[Round "6"]
[White "Husari, Satea"]
[Black "Adams, Nick A"]
[Result "1/2-1/2"]
[WhiteElo "2334"]
[BlackElo "2211"]
[PlyCount "133"]
[EventDate "2009.07.04"]

1. d4 d5 2. c4 e6 3. Nc3 c5 4. cxd5 exd5 5. Nf3 Nc6 6. dxc5 d4 7. Na4 Bxc5 8.
Nxc5 Qa5+ 9. Qd2 Qxc5 10. e3 dxe3 11. Qxe3+ Qxe3+ 12. Bxe3 Be6 13. Nd4 Nxd4 14.
Bxd4 f6 15. Bb5+ Kf7 16. O-O Ne7 17. b3 Rhd8 18. Rfd1 a6 19. Be2 Rac8 20. Bb2
Rxd1+ 21. Bxd1 Nd5 22. Kf1 b5 23. Rc1 Rxc1 24. Bxc1 Nc3 25. Bc2 Nxa2 26. Bd2 b4
27. Ke2 Ke7 28. Ke3 Kd6 29. Kd4 Nc3 30. Bxc3 bxc3 31. Kxc3 Bd5 32. g3 h6 33.
Kb4 Kc6 34. Ka5 Kb7 35. h4 g5 36. b4 Bc4 37. Be4+ Kc7 38. f4 Bf1 39. hxg5 hxg5
40. Bf5 Be2 41. Be4 gxf4 42. gxf4 Bf1 43. Ka4 Be2 44. Kb3 Kd6 45. Kc3 Bf1 46.
Kd4 Be2 47. Bd5 Bf1 48. Bb3 Be2 49. Bf7 Bf1 50. Bh5 Bb5 51. Bg4 Bf1 52. Bf3 Bb5
53. Bg2 Be2 54. Bh1 Bf1 55. Ba8 Be2 56. Bb7 Bf1 57. Bc8 Be2 58. Bf5 Bf1 59. Bh7
Be2 60. Bg8 Bf1 61. Bc4 Bxc4 62. Kxc4 Kc6 63. f5 Kd6 64. Kd4 Kc6 65. Kc4 Kd6
66. Kd4 Kc6 67. Kc4 1/2-1/2

[Event "First Saturday 09 July IM-B"]
[Site "Budapest"]
[Date "2009.07.09"]
[Round "6"]
[White "Eperjesi, Laszlo Dr"]
[Black "Lammers, Markus"]
[Result "0-1"]
[WhiteElo "2250"]
[BlackElo "2297"]
[PlyCount "74"]
[EventDate "2009.07.04"]

1. d4 Nf6 2. c4 e6 3. Nf3 c5 4. e3 cxd4 5. exd4 d5 6. Nc3 Nc6 7. cxd5 exd5 8.
Bb5 Bd6 9. O-O O-O 10. Bg5 Be6 11. Qa4 Na5 12. Bxf6 gxf6 13. Bd3 f5 14. Rfe1 a6
15. Rad1 b5 16. Qc2 Qf6 17. Ne5 Rac8 18. Qe2 Nc4 19. Bb1 Kh8 20. a4 Bb4 21. Nd3
Ba5 22. axb5 Nxb2 23. Nxb2 Bxc3 24. Rf1 axb5 25. Rd3 Bxd4 26. Nd1 b4 27. Qd2
Bc3 28. Nxc3 bxc3 29. Qc2 d4 30. Rfd1 Rfd8 31. Rf3 Rb8 32. g4 Bb3 33. Qc1 Bxd1
34. Rxf5 Rxb1 35. Qxb1 c2 36. Qc1 Qe6 37. Qg5 Rg8 0-1

[Event "First Saturday 09 July IM-B"]
[Site "Budapest"]
[Date "2009.07.10"]
[Round "7"]
[White "Admiraal, Miquoel"]
[Black "Eperjesi, Laszlo Dr"]
[Result "1/2-1/2"]
[WhiteElo "2173"]
[BlackElo "2250"]
[PlyCount "43"]
[EventDate "2009.07.04"]

1. e4 c6 2. d4 d5 3. e5 Bf5 4. Nc3 e6 5. g4 Bg6 6. Nge2 f6 7. Nf4 Bf7 8. Qe2
Qe7 9. Nd3 Nd7 10. Bf4 h5 11. f3 Bg6 12. Qd2 Qf7 13. g5 fxg5 14. Bxg5 Be7 15.
O-O-O O-O-O 16. Bxe7 Nxe7 17. Na4 Kb8 18. Qb4 Nc8 19. Rg1 Ka8 20. Bh3 Nf8 21.
Qd2 Ne7 22. Qg5 1/2-1/2

[Event "First Saturday 09 July IM-B"]
[Site "Budapest"]
[Date "2009.07.10"]
[Round "7"]
[White "Mihok, Oliver"]
[Black "Kahn, Evart Dr"]
[Result "1-0"]
[WhiteElo "2357"]
[BlackElo "2281"]
[PlyCount "57"]
[EventDate "2009.07.04"]

1. e4 c5 2. Nf3 d6 3. d4 cxd4 4. Nxd4 Nf6 5. Nc3 g6 6. Be3 Bg7 7. f3 O-O 8. Qd2
Nc6 9. O-O-O Be6 10. Kb1 Rc8 11. Nxe6 fxe6 12. Bc4 Qd7 13. Bb3 b6 14. Bh6 Na5
15. Bxg7 Kxg7 16. e5 Ne8 17. h4 Nxb3 18. axb3 Rc5 19. h5 Rxe5 20. hxg6 h5 21.
g4 Kxg6 22. f4 Rc5 23. b4 Rc8 24. Qd3+ Kf7 25. Qh7+ Ng7 26. gxh5 Rh8 27. Qg6+
Kf8 28. h6 Nf5 29. Rdg1 1-0

[Event "First Saturday 09 July IM-B"]
[Site "Budapest"]
[Date "2009.07.10"]
[Round "7"]
[White "Petran, Pal"]
[Black "Husari, Satea"]
[Result "1/2-1/2"]
[WhiteElo "2369"]
[BlackElo "2334"]
[PlyCount "22"]
[EventDate "2009.07.04"]

1. c4 c5 2. Nc3 Nc6 3. g3 Nf6 4. Nf3 d5 5. cxd5 Nxd5 6. Bg2 Nc7 7. O-O e5 8. d3
Be7 9. Nd2 Bd7 10. Nc4 f6 11. f4 b5 1/2-1/2

[Event "First Saturday 09 July IM-B"]
[Site "Budapest"]
[Date "2009.07.10"]
[Round "7"]
[White "Muranyi, Karl-Jasmin"]
[Black "Koppenhoefer, Bernhard"]
[Result "1-0"]
[WhiteElo "2366"]
[BlackElo "2160"]
[PlyCount "61"]
[EventDate "2009.07.04"]

1. f4 c5 2. Nf3 e6 3. e3 b6 4. b3 Bb7 5. Bb2 Nf6 6. Rg1 h5 7. g3 d6 8. Bb5+
Nbd7 9. Qe2 a6 10. Bxd7+ Qxd7 11. d3 Qc6 12. Nbd2 a5 13. a4 Be7 14. h3 O-O-O
15. e4 Rdg8 16. O-O-O Nh7 17. d4 f6 18. d5 Qd7 19. Nc4 Kc7 20. Nh4 exd5 21.
exd5 g6 22. Rge1 Bd8 23. Qd3 Nf8 24. f5 g5 25. Ng2 Bc8 26. Re6 Nxe6 27. dxe6
Qc6 28. Nge3 Bb7 29. Nxd6 Be7 30. Nxb7 Rd8 31. Nxd8 1-0

[Event "First Saturday 09 July IM-B"]
[Site "Budapest"]
[Date "2009.07.11"]
[Round "8"]
[White "Husari, Satea"]
[Black "Muranyi, Karl-Jasmin"]
[Result "1-0"]
[WhiteElo "2334"]
[BlackElo "2366"]
[PlyCount "99"]
[EventDate "2009.07.04"]

1. Nf3 c6 2. c4 Nf6 3. Nc3 g6 4. e4 d6 5. d4 Bg7 6. Be2 O-O 7. O-O a6 8. h3 b5
9. e5 Ne8 10. Re1 Nd7 11. Bg5 bxc4 12. Bxc4 d5 13. Bd3 Nc7 14. Na4 Ne6 15. Be3
Bb7 16. Rc1 Qb8 17. b4 a5 18. Nc5 Nexc5 19. bxc5 Qc8 20. Rb1 Ba6 21. Bxa6 Qxa6
22. Qe2 Qxe2 23. Rxe2 Rfb8 24. Reb2 Rxb2 25. Rxb2 Ra7 26. a4 e6 27. Kf1 f6 28.
exf6 Bxf6 29. Ke2 Kf7 30. Rb3 Ke7 31. Bf4 Kd8 32. Bd6 Kc8 33. Re3 Rb7 34. Rxe6
Rb2+ 35. Kf1 Rc2 36. Re8+ Kb7 37. g4 g5 38. Ne5 Bxe5 39. dxe5 Nxc5 40. e6 Nxe6
41. Rxe6 c5 42. Be7 c4 43. Rd6 Rd2 44. Bxg5 Rd3 45. Ke2 Kc7 46. Bf4 Rd4 47. Bg3
Kb7 48. f3 c3 49. Rd7+ Ka6 50. Ra7+ 1-0

[Event "First Saturday 09 July IM-B"]
[Site "Budapest"]
[Date "2009.07.11"]
[Round "8"]
[White "Kahn, Evart Dr"]
[Black "Adams, Nick A"]
[Result "1/2-1/2"]
[WhiteElo "2281"]
[BlackElo "2211"]
[PlyCount "36"]
[EventDate "2009.07.04"]

1. d4 d5 2. c4 e6 3. Nc3 Nf6 4. Bg5 Be7 5. e3 O-O 6. Nf3 c6 7. Qc2 Nbd7 8. Rc1
h6 9. Bxf6 Nxf6 10. cxd5 exd5 11. Be2 Re8 12. O-O Be6 13. Ne5 Nd7 14. Nxd7 Qxd7
15. a3 Bf5 16. Bd3 Bxd3 17. Qxd3 Bd6 18. h3 Re6 1/2-1/2

[Event "First Saturday 09 July IM-B"]
[Site "Budapest"]
[Date "2009.07.11"]
[Round "8"]
[White "Eperjesi, Laszlo Dr"]
[Black "Mihok, Oliver"]
[Result "1/2-1/2"]
[WhiteElo "2250"]
[BlackElo "2357"]
[PlyCount "120"]
[EventDate "2009.07.04"]

1. d4 Nf6 2. Nf3 e6 3. c4 b6 4. g3 Ba6 5. Qa4 Bb7 6. Bg2 c5 7. O-O cxd4 8. Nxd4
Bxg2 9. Kxg2 Qc8 10. Qb3 Nc6 11. Nxc6 Qxc6+ 12. Qf3 Rc8 13. b3 d5 14. Bb2 dxc4
15. Rc1 Qxf3+ 16. Kxf3 Kd7 17. bxc4 Bb4 18. a3 Bd6 19. a4 Rc5 20. Nd2 Rhc8 21.
g4 Be5 22. Bxe5 Rxe5 23. Nb3 g5 24. a5 Re4 25. axb6 Rf4+ 26. Kg2 Rxg4+ 27. Kf1
axb6 28. c5 bxc5 29. Rxc5 Rxc5 30. Nxc5+ Kd6 31. Nd3 Nd7 32. Ra6+ Ke7 33. e3
Rh4 34. Ra7 Kd6 35. Ra6+ Ke7 36. Ra7 Kd6 37. Ra6+ Kc7 38. Kg2 Kb7 39. Rd6 Kc7
40. Ra6 Rh6 41. Kg3 Rg6 42. h3 Rg8 43. Ra7+ Kc6 44. Ra6+ Kb7 45. Rd6 Kc7 46.
Ra6 h6 47. h4 Rb8 48. hxg5 hxg5 49. Kg4 Rb5 50. f3 Kd8 51. Ra7 f6 52. e4 Rb1
53. f4 Rg1+ 54. Kf3 g4+ 55. Kf2 Rd1 56. Nb4 Ke8 57. Nc6 Rd6 58. Rc7 e5 59. fxe5
fxe5 60. Kg3 Nc5 1/2-1/2

[Event "First Saturday 09 July IM-B"]
[Site "Budapest"]
[Date "2009.07.12"]
[Round "9"]
[White "Mihok, Oliver"]
[Black "Lammers, Markus"]
[Result "1/2-1/2"]
[WhiteElo "2357"]
[BlackElo "2297"]
[PlyCount "57"]
[EventDate "2009.07.04"]

1. e4 d5 2. exd5 Nf6 3. d4 Nxd5 4. Nf3 Bg4 5. h3 Bh5 6. g4 Bg6 7. Ne5 Nc6 8.
Nxg6 hxg6 9. Bg2 e6 10. O-O Qd7 11. c4 Nb6 12. c5 Nd5 13. Nc3 Be7 14. Nxd5 exd5
15. Be3 Nd8 16. f4 f5 17. Qf3 c6 18. Bf2 O-O 19. Rae1 b6 20. b4 b5 21. a4 a6
22. Re2 Nf7 23. Rfe1 Rfe8 24. Re6 Bf6 25. Qe2 Kf8 26. g5 Rxe6 27. Qxe6 Qxe6 28.
Rxe6 Nd8 29. Re2 1/2-1/2

[Event "First Saturday 09 July IM-B"]
[Site "Budapest"]
[Date "2009.07.12"]
[Round "9"]
[White "Adams, Nick A"]
[Black "Eperjesi, Laszlo Dr"]
[Result "1/2-1/2"]
[WhiteElo "2211"]
[BlackElo "2250"]
[PlyCount "49"]
[EventDate "2009.07.04"]

1. d4 Nf6 2. c4 e6 3. Nc3 Bb4 4. e3 O-O 5. a3 Bxc3+ 6. bxc3 d6 7. Bd3 e5 8. Ne2
e4 9. Bb1 c6 10. Ng3 Be6 11. Nxe4 Nxe4 12. Bxe4 Bxc4 13. Bd3 Qa5 14. Qc2 Bxd3
15. Qxd3 Nd7 16. O-O f5 17. c4 Qa6 18. Qb3 Kh8 19. Rb1 Rab8 20. Bb2 Nb6 21. c5
Nc4 22. d5 Nxb2 23. Rxb2 cxd5 24. cxd6 Qxd6 25. Rd2 1/2-1/2

[Event "First Saturday 09 July IM-B"]
[Site "Budapest"]
[Date "2009.07.12"]
[Round "9"]
[White "Petran, Pal"]
[Black "Kahn, Evart Dr"]
[Result "1-0"]
[WhiteElo "2369"]
[BlackElo "2281"]
[PlyCount "85"]
[EventDate "2009.07.04"]

1. d4 Nf6 2. Nf3 c5 3. d5 d6 4. Nc3 g6 5. e4 Bg7 6. Bb5+ Nbd7 7. a4 O-O 8. O-O
a6 9. Be2 Rb8 10. a5 b5 11. axb6 Nxb6 12. Ra2 Ne8 13. Bf4 Nc7 14. Qd2 Nb5 15.
Bh6 Nxc3 16. bxc3 Bxh6 17. Qxh6 f6 18. Nd2 Rf7 19. Rfa1 g5 20. h4 Rg7 21. hxg5
Rxg5 22. Bxa6 Bxa6 23. Rxa6 Qc8 24. Nf1 Nc4 25. Ng3 Ne3 26. Ra7 Rb7 27. Ra8 Rb8
28. R8a7 Rb7 29. Ra8 Rb8 30. Rxb8 Qxb8 31. Qh3 Nxc2 32. Rf1 Kh8 33. Nf5 Qc7 34.
Qf3 Qb7 35. Qd3 Na3 36. c4 Qb4 37. Rc1 Qb2 38. Qc3 Qb4 39. Nxe7 Qxc3 40. Rxc3
Nb1 41. Rb3 Nd2 42. Rb8+ Kg7 43. f4 1-0